Rosé In Every MV - Statistics

General Stats
  • This quiz has been taken 129 times
  • The average score is 14 of 17
Answer Stats
Picture Answer % Correct
APT.
98%
Shut Down
93%
Kill This Love
92%
Stay
92%
Boombayah
90%
Pink Venom
87%
Ice Cream
86%
Gone
84%
On The Ground
84%
number one girl
83%
How You Like That
82%
toxic till the end
82%
Playing With Fire
80%
Ddu-Du Ddu-Du
78%
Whistle
77%
As If It's Your Last
71%
Lovesick Girls
71%
No matching quizzes found
Score Distribution
Percent of People with Each Score
Percentile by Number Answered
Your Score History
You have not taken this quiz